النشرة السنوية لإحصاءات التخزين لحساب الغير بمنشآت القطاع العام والأعمال العام والقطاع الخاص عام 2013/2014.

يعتبر قطاع التخزين من القطاعات الهامة؛ فهو الصلة التى تربط بين المنتج والمستهلك من السلع وتقصير بيانات هذه النشرة علي المنشآت التى تقوم بتخزين السلع لحساب الغير والمحافظة علي صفاتها الطبيعية لفترة من الوقت نظير مقابل مادي....

全面介绍

Saved in:
书目详细资料
企业作者: الجهاز المركزي للتعبئة العامة والإحصاء
格式: 序列
语言:阿拉伯语
出版: القاهرة : الجهاز المركزى للتعبئة العامة والإحصاء.
主题:
标签: 添加标签
没有标签, 成为第一个标记此记录!

MARC

LEADER 00000cas a2200000 a 4500
003 INP
005 20180725134710.0
008 110728|2008uuuuua aj||fr s o0 | f0ara d
952 |0 0  |1 0  |4 0  |6 658_785000000000000_ن_ش_20132014  |7 0  |8 نشرات التع  |9 667  |a INP  |b INP  |c JOUR  |d 2018-03-05  |l 0  |o 658.785 ن ش 2013-2014  |p 000386  |r 2022-03-28 00:00:00  |w 2018-03-05  |y PUB  |0 0  |0 0 
952 |0 0  |1 0  |4 0  |6 658_785000000000000_ن_ش_20132014  |7 0  |8 bulletins   |9 11461  |a INP  |b INP  |c JOUR  |d 2018-06-19  |l 0  |o 658.785 ن ش 2013-2014  |p 012146  |r 2022-03-28 00:00:00  |w 2018-06-19  |y PUB  |0 0  |0 0 
999 |c 4395  |d 4395 
040 |a EG-INP  |c EG-INP  |b ara 
082 0 4 |2 21  |a 658.785  |b ن ش 2013-2014 
110 2 |a الجهاز المركزي للتعبئة العامة والإحصاء. 
245 1 2 |a النشرة السنوية لإحصاءات التخزين لحساب الغير بمنشآت القطاع العام والأعمال العام والقطاع الخاص عام 2013/2014. 
260 |a القاهرة :   |b الجهاز المركزى للتعبئة العامة والإحصاء. 
300 |a مج. :   |b إيض. ؛   |c 30 سم. 
310 |a سنوى 
520 |a يعتبر قطاع التخزين من القطاعات الهامة؛ فهو الصلة التى تربط بين المنتج والمستهلك من السلع وتقصير بيانات هذه النشرة علي المنشآت التى تقوم بتخزين السلع لحساب الغير والمحافظة علي صفاتها الطبيعية لفترة من الوقت نظير مقابل مادي. 
650 7 |2 qrmak  |a المخازن  |v احصائيات  |v دوريات. 
650 7 |2 qrmak  |a التخزين  |v احصائيات  |v دوريات. 
653 0 |a منشآت التخزين. 
901 |a EGPV2 
902 |a  EGPV5 
903 |a copycat 
942 |c PUB  |2 ddc